000 00302nam a22001337a 4500
003 SGT
020 _a9788193555477
082 _a920
_bS19P
100 _aPURI, HARDEEP
245 _a SEPARATING THE WHEAT FROM CHAFF
260 _bKONARK PUBLISHERS PVT. LTD.
_c2019
300 _a316
942 _2ddc
_cBK
999 _c32029
_d32029